| 000 | 00732nam a2200205Ia 4500 | ||
|---|---|---|---|
| 001 | 13091 | ||
| 003 | GE_BSU | ||
| 008 | 181216s||||||||xx |||||||||||||| ||und|| | ||
| 040 | _cGE_BSU | ||
| 080 | _a631.4 | ||
| 100 | _aВильямс,В.Р. | ||
| 245 | _aСобрание сочинении в двенадцати томах. т.4 Луговодство (1901-1933) | ||
| 245 | _cРед.кол.В.П.Бушинский. Ред.А.И.Корчагин | ||
| 260 | _aМосква | ||
| 260 | _bГосиздат сель.-хоз.лит-ры | ||
| 260 | _c1949 | ||
| 300 | _a502стр.фото.27см. | ||
| 653 | _aСобрание сочинении в двенадцати томах. т.4 Луговодство | ||
| 942 | _cBK | ||
| 999 |
_c46258 _d46258 |
||